Пропуск в контексте

Экономическая статистика. Практикум Учебное пособие

Практикум по экономической статистике содержит задания для решения на семинарах и для всех форм промежуточного и итогового контроля. В учебном пособии приводятся определения понятия справочные данные по основным разделам курса «Экономическая статистика». Задания построены на данных официальной стати...

Fuld beskrivelse

Сохранить в:
Bibliografiske detaljer
Hovedforfatter: Иванов Ю.Н
Format: Учебное пособие
Udgivelse:1
Serier:Высшее образование
Online adgang:https://znanium.ru/catalog/document?id=469185
https://znanium.ru/cover/2223/2223792.jpg
Tags: Tilføj Tag
Ingen Tags, Vær først til at tagge denne postø!
LEADER 04874nam0a2200445 i 4500
001 RU\infra-m\znanium\bibl\2223792
003 https://znanium.ru/catalog/document?id=469185
005 20250828000000.0
010 |a 978-5-16-021424-5 
010 |a 978-5-16-105598-4  |b электр. издание 
100 |a 20250828d2025 m y0rusy0150 ca 
101 0 |a rus 
102 |a RU 
200 1 |a Экономическая статистика. Практикум  |e Учебное пособие  |f Московский государственный университет им. М.В. Ломоносова, экономический факультет 
205 |a 1 
210 1 |a Москва  |c ООО "Научно-издательский центр ИНФРА-М"  |d 2026 
215 |a 176 с. 
225 1 |a Высшее образование 
330 |a Практикум по экономической статистике содержит задания для решения на семинарах и для всех форм промежуточного и итогового контроля. В учебном пособии приводятся определения понятия справочные данные по основным разделам курса «Экономическая статистика». Задания построены на данных официальной статистики России и других стран. Соответствует требованиям Федерального государственного образовательного стандарта высшего образования последнего поколения. Практикум подготовлен коллективом кафедры статистики экономического факультета МГУ имени М.В. Ломоносова и является дополнением к ранее изданному учебнику «Экономическая статистика» (5-е изд. перераб. и доп.). Предназначен для студентов обучающихся по направлениям «Экономика» и «Менеджмент» (академический бакалавриат и магистратура) а также для преподавателей и аспирантов экономических факультетов. 
333 |a ВО - Бакалавриат 
606 |a Демография. Статистика  |x Экономическая статистика  |2 local 
608 |a Учебное пособие  |2 local 
675 |a 330(075.8)  |z rus 
686 |a 65.051я73  |2 rubbk 
686 |a 38.03.01  |2 okso 
686 |a 38.03.02  |2 okso 
686 |a 38.04.01  |2 okso 
686 |a 38.04.02  |2 okso 
686 |a 41.03.06  |2 okso 
686 |a 44.03.01  |2 okso 
700 1 |a Иванов  |b Ю.Н.  |g Юрий Николаевич  |p Московский государственный университет им. М.В. Ломоносова, экономический факультет 
701 1 |a Громыко  |b Г.Л.  |g Галина Леонтьевна  |p Московский государственный университет им. М.В. Ломоносова, экономический факультет 
701 1 |a Воробьев  |b А.Н.  |g Александр Николаевич  |p Московский государственный университет им. М.В. Ломоносова, экономический факультет 
701 1 |a Казаринова  |b С.Е.  |g Светлана Евгеньевна  |p Московский государственный университет им. М.В. Ломоносова, экономический факультет 
701 1 |a Карасева  |b Л.А.  |g Лариса Алексеевна  |p Московский государственный университет им. М.В. Ломоносова, экономический факультет 
701 1 |a Мамий  |b И.П.  |g Ирина Петровна  |p Московский государственный университет им. М.В. Ломоносова, экономический факультет 
701 1 |a Матюхина  |b И.Н.  |g Ирина Николаевна  |p Московский государственный университет им. М.В. Ломоносова, экономический факультет 
801 0 |a RU  |b Общество с ограниченной ответственностью «ЗНАНИУМ»  |c 20250826  |2 rusmarc 
856 4 |a znanium.ru  |m ebs_support@infra-m.ru  |n НИЦ ИНФРА-М  |u https://znanium.ru/catalog/document?id=469185 
856 4 1 |a znanium.ru  |d /cover/2223  |f 2223792.jpg  |u https://znanium.ru/cover/2223/2223792.jpg